| 000 | 00519nam a2200181Ia 4500 | ||
|---|---|---|---|
| 001 | 16066 | ||
| 005 | 20260306170242.0 | ||
| 008 | 260306t2017||||xx |||||||||||||| ||und|| | ||
| 041 | _aESP | ||
| 082 |
_a346.6 _bF41 |
||
| 100 |
_aFernández Cruz, Gastón, _eAUT |
||
| 245 | 0 |
_aLa cláusula penal : _btutela contra el incumplimiento vs. tutela resarcitoria. La problemática de su encuadramiento |
|
| 260 | _c2017 | ||
| 300 |
_a181 páginas : _c24 cm. |
||
| 650 | _aGEN | ||
| 654 | _aCDE | ||
| 942 |
_cLIB _dJUS _fJUS _2ddc _n |
||
| 999 |
_c16066 _d16066 |
||